000 00232nam a22000857a 4500
008 160701b xxu||||| |||| 00| 0 eng d
100 _91650
_a Gupta, R.G
245 _aPrimary School Composite Mathematics
260 _aNew Delhi
_bArya
_c2005
999 _c1369
_d1369